| 000 | 00407nam a2200169Ia 4500 | ||
|---|---|---|---|
| 008 | 230524s9999 xx 000 0 und d | ||
| 082 |
_a241.644 _bMON |
||
| 100 | _aEllen F.Monk | ||
| 245 | 0 | _aEnterprise Resource Planning | |
| 250 | _a2ND | ||
| 260 |
_aNEW DELHI _bCengage _c2009 |
||
| 300 | _aX;234 | ||
| 500 | _aQuantity Number: 2 | ||
| 650 | _aManagement | ||
| 700 | _a Bret J.Wagner | ||
| 942 | _cBK | ||
| 999 |
_c49334 _d49334 |
||